Kirjaimella A alkavien valtioiden naapurimaat - Statistics

Yleistilastot
  • Tätä visaa on pelattu 222 kertaa
  • Keskiarvotulos 24 / 34
Vastaustilastot
A:lla alkava valtio Rajanaapuri % Oikein
Alankomaat Belgia
86%
Andorra (Alankomaat) Ranska
85%
Alankomaat Saksa
82%
Algeria Marokko
81%
Argentiina Brasilia
79%
Argentiina Chile
78%
Andorra Espanja
78%
Angola Namibia
78%
Armenia, Azerbaidžan Georgia
77%
Afganistan, Armenia, Azerbaidžan Iran
76%
Azerbaidžan Venäjä
76%
Angola Kongon demokraattinen tasavalta
75%
Angola Kongon tasavalta
75%
Algeria Tunisia
74%
Argentiina Uruguay
74%
Afganistan Pakistan
73%
Argentiina Paraguay
73%
Albania Kosovo
72%
Algeria Libya
72%
Azerbaidžan Armenia
71%
Albania Kreikka
71%
Albania Montenegro
69%
Armenia Azerbaidžan
68%
Algeria Mali
66%
Albania Pohjois-Makedonia
66%
Argentiina Bolivia
65%
Armenia, Azerbaidžan Turkki
62%
Afganistan Turkmenistan
62%
Algeria Mauritania
60%
Algeria Niger
60%
Afganistan Uzbekistan
58%
Afganistan Tadžikistan
56%
Angola Sambia
51%
Afganistan Kiina
46%
Ehtoja vastaavia visoja ei löytynyt
Tulosjakauma
Jokaisen tuloksen saaneiden osuus
Persentiili vastausten määrän mukaan
Tuloshistoriasi
Et ole pelannut tätä visaa